NCAA Logo #1 - Statistics

General Stats
  • This quiz has been taken 34 times
  • The average score is 10 of 16
Answer Stats
Picture Answer % Correct
Alabama
100%
Western Kentucky
94%
Eastern Kentucky
88%
Abilene Christian
69%
Bradley
69%
Middle Tennessee
69%
Portland State
69%
Drexel
56%
Belmont
50%
Evansville
50%
Rider
44%
Seattle U
44%
Stony Brook
44%
Fullerton
38%
Merrimack
38%
Milwaukee
38%
No matching quizzes found
Score Distribution
Percent of People with Each Score
Percentile by Number Answered
Your Score History
You have not taken this quiz